Historia del desarrollo de la instrucción pública en Costa Rica (Registro nro. 183)

Detalles MARC
000 -Cabecera
Campo de control de longitud fija 00550aam a2200217 4500
005 - Fecha y hora de la última transacción
Campo de control 20260422160159.0
008 - Elementos de longitud fija--Información general
Campo de control de longitud fija 150721b1945 xxu||||| |||| 00| 0 spa d
041 ## - Idioma
Código de idioma
082 ## - Clasificación Decimal Dewey
Número de clasificación 370 G643h
100 ## - Entrada principal--Autor personal
Nombre personal González, Luis Felipe
9 (RLIN) 15216
245 ## - Título propiamente dicho
Título Historia del desarrollo de la instrucción pública en Costa Rica
260 ## - Pie de imprenta
Lugar de publicación, distribución, etc. Costa Rica
260 ## - Pie de imprenta
Fecha de publicación, distribución, etc. 1945
300 ## - Descripción física
Extensión 145 páginas
490 ## - Serie
Título de la Serie Temática General
650 ## - Materia general
Temática (materia general) COLONIA
650 ## - Materia general
Temática (materia general) COSTA RICA
650 ## - Materia general
Temática (materia general) EDUCACIÓN
650 ## - Materia general
Temática (materia general) HISTORIA
942 ## - Punto de acceso adicional KOHA
Tipo de ítem KOHA Libro
Fuente del sistema de clasificación o colocación Dewey Decimal Classification
Existencias
Signatura completa Código de barras Programa Académico Tipo de ítem
370 G643h 3277 Temática General Libro